Czy znasz państwa które kiedys miała Rzecz pospolita polska? - Statystyki

Ogólne statystyki
  • Ten quiz został rozwiązany 84 razy
  • Średni wynik to 7 z 8
Statystyki odpowiedzi
kraje % Poprawnych
rosja
96%
litwa
95%
ukraina
93%
łotwa
91%
estonia
89%
białorus
88%
mołdawia
68%
polska
48%
Nie znaleziono quizów pasujących do podanych kryteriów
Rozkład punktacji
Procent ludzi z każdym wynikiem
Percentyl według liczby udzielonych odpowiedzi
Twoja historia wyników
Nie rozwiązałeś tego quizu